Chalmers and Guest on bills of exchange, cheques and promissory notes. -- 17th ed. (Record no. 37044)

MARC details
000 -LEADER
fixed length control field 00776nam a2200217 a 4500
008 - FIXED-LENGTH DATA ELEMENTS--GENERAL INFORMATION
fixed length control field 100721s2009 ||||||||||||||||| || u
020 ## - INTERNATIONAL STANDARD BOOK NUMBER
International Standard Book Number 9781847037190
050 ## - LIBRARY OF CONGRESS CALL NUMBER
Classification number HG 1689 Gue
100 ## - MAIN ENTRY--PERSONAL NAME
Personal name Guest, A. G
245 10 - TITLE STATEMENT
Title Chalmers and Guest on bills of exchange, cheques and promissory notes. -- 17th ed.
Statement of responsibility, etc. by A. G. Guest
250 ## - EDITION STATEMENT
Edition statement 17th ed.
260 ## - PUBLICATION, DISTRIBUTION, ETC.
Place of publication, distribution, etc. London:
Name of publisher, distributor, etc. Thomas Reuters
Date of publication, distribution, etc. 2009
300 ## - PHYSICAL DESCRIPTION
Extent cxxxi, [various pagings]: ill.
350 ## - PRICE (NR) (BK AM CF MU VM SE) [OBSOLETE]
Price 0.00
500 ## - GENERAL NOTE
General note Includes Index
650 ## - SUBJECT ADDED ENTRY--TOPICAL TERM
Topical term or geographic name entry element BILLS OF EXCHANGE--LAW
650 ## - SUBJECT ADDED ENTRY--TOPICAL TERM
Topical term or geographic name entry element CHEQUES
650 ## - SUBJECT ADDED ENTRY--TOPICAL TERM
Topical term or geographic name entry element BANKING
650 ## - SUBJECT ADDED ENTRY--TOPICAL TERM
Topical term or geographic name entry element BANKS AND BANKING
995 ## - RECOMMENDATION 995 [LOCAL, UNIMARC FRANCE]
-- 0.00
-- CBU-MAIN LIBRARY (Kitwe)
-- 1
-- 0.00
-- 1
-- AVAILABLE
-- Aug 19, 2010
-- Main Library Open Access Collection
Holdings
Withdrawn status Lost status Source of classification or shelving scheme Damaged status Not for loan Home library Current library Shelving location Date acquired Total Checkouts Full call number Barcode Date last seen Price effective from Koha item type
          CBU-MAIN LIBRARY, KITWE. CBU-MAIN LIBRARY, KITWE.   11/30/2022   HG 1689 Gue 741373 11/30/2022 11/30/2022 MONOGRAPH